000 00296nam a22001337a 4500
008 170401b xxu||||| |||| 00| 0 eng d
020 _a9780683307764
041 _aeng
080 _22ND
_a617
100 _a8
101 _aSHM
245 _aOPHTHALMOLOGY WORDS
_cKOVACS, S
942 _2udc
_cBK
999 _c9374
_d9374